| 000 | 01801cam a22002415i 4500 | ||
|---|---|---|---|
| 001 | 24053234 | ||
| 005 | 20250408081435.0 | ||
| 008 | 250306s2025 nyu 000 0 eng | ||
| 010 | _a 2025933569 | ||
| 020 | _a9781398619555 | ||
| 040 |
_aDLC _beng _erda _cDLC |
||
| 041 | _aeng | ||
| 042 | _apcc | ||
| 050 |
_aHD30.28 _b2025 |
||
| 100 |
_aMarr, Bernard _eauthor _95438 |
||
| 245 | 1 | 0 |
_aAI strategy _b: unleash the power of artificial intelligence in your business _c/ Bernard Marr. |
| 250 | _aFirst edition. | ||
| 260 |
_aNew York : _bKogan Page, _c2025. |
||
| 300 |
_axi, 312 pages ; _c24 cm. |
||
| 520 | _aWith the rapid adoption of AI across all industries, it is vital that leaders ensure their organizations remain competitive and innovative. Bestselling author and futurist, Bernard Marr, provides a comprehensive overview of AI's impact on the business world and covers multiple dimensions of AI implementation. Providing leaders with the tools to harness the advantages of AI and manage its complexities, this book shows how to develop a practical blueprint and provides the strategic insights needed to succeed in the rapidly-changing world affected by AI. AI Strategy shows business leaders how to rapidly scale their AI strategy. It addresses the essential issues affecting every part of a business, from ethics, data management, compliancy and security to upskilling employees, risk management and upgrading existing technology infrastructure. Featuring real-world examples of AI strategy being applied across multiple organizations and industries, from energy, healthcare and education to marketing and HR, this book is the must-read guide to getting any business ready to unleash the power of AI. | ||
| 650 | 0 |
_aArtificial intelligence _xBusiness applications _925125 |
|
| 942 | _2lcc | ||
| 999 |
_c4629 _d4629 |
||